PBX systems for IP telephony

Αποθηκεύτηκε σε:
Λεπτομέρειες βιβλιογραφικής εγγραφής
Κύριος συγγραφέας: Sulkin, Allan
Μορφή: Βιβλίο
Γλώσσα:English
Δημοσίευση: New York : McGraw-Hill, 2002
Σειρά:McGraw-Hill telecom professional
Θέματα:
Ετικέτες: Προσθήκη ετικέτας
Δεν υπάρχουν, Καταχωρήστε ετικέτα πρώτοι!

MARC

LEADER 00000nam a2200000 i 4500
001 1/65555
008 041112s2002 eng d
020 |a 0-07-137568-6 
035 |l 10075236 
040 |a GR-MY-UA  |b gre  |e aacr 
041 0 |a eng 
082 0 |a 621.385 
100 1 |a Sulkin, Allan. 
245 1 0 |a PBX systems for IP telephony /  |c Allan Sulkin 
260 |a New York :   |b McGraw-Hill,   |c 2002 
300 |a viii, 487 σ.;  |b εικ.;  |c 24 εκ. 
490 1 |a MacGraw-Hill telecom professional 
504 |a Περιέχει ευρετήριο 
650 0 0 |a Internet telephony. 
650 0 0 |a Telephone  |x Private branch exchanges. 
830 0 |a McGraw-Hill telecom professional 
852 |a INST  |b SAMOS  |e 20041112  |h 621.385 SUL  |p 005300022780  |q 005300022780  |t BK  |y 0 
901 |a BIBL3-2004-3 
909 |a Σ  |b 114046 
920 |a ΔΙΕΥΡΥΝΣΗ  |b ΕΠΕΑΕΚ-ΤΜΠΕΣ  |y ΣΑΜΟΣ  |z 2004-10 
970 |a ΠΟΥΡΝΑΡΑΣ  |b ΔΗΜΗΤΡΗΣ  |z 2004/11/12